000 00446ntaaa2200181 4500
003 01
005 20251027202710.0
008 0714s1973 ag 01
040 _aAR-BaBN
_bspa
_cAR-BaBN
_eaacr
_dRIC
082 _a492.4000 P69
100 _aPlatkin, Abraham
_926670
245 _aLa historia del hebreo
250 _a1 ed.
260 _aBuenos Aires :
_bCongreso Judío Mundial,
_c1967
300 _a32 p
650 _aHebreo
_99736
942 _cBK
999 _c22155
_d22155